Indian rubber manufacturers research association 17th Rubber Conference on 13/14 December, 1995 at Taj Coromandel, Madras, Programmes papers (Record no. 41352)

MARC details
000 -LEADER
fixed length control field 00522nam a2200133Ia 4500
082 ## - DEWEY DECIMAL CLASSIFICATION NUMBER
Classification number NR:063RT`1995'
Item number IRM
245 #0 - TITLE STATEMENT
Title Indian rubber manufacturers research association 17th Rubber Conference on 13/14 December, 1995 at Taj Coromandel, Madras, Programmes papers
260 ## - PUBLICATION, DISTRIBUTION, ETC. (IMPRINT)
Place of publication Thane
Name of publisher Indian Rubber Manufacturers' Research Association (IRMRA)
Year of publication 1995
650 ## - SUBJECT ADDED ENTRY--TOPICAL TERM
Topical Term Rubber plasticsblaends
650 ## - SUBJECT ADDED ENTRY--TOPICAL TERM
Topical Term Surface activated crumb rubber(SURCRUM)
650 ## - SUBJECT ADDED ENTRY--TOPICAL TERM
Topical Term TEP
942 ## - ADDED ENTRY ELEMENTS (KOHA)
Koha item type Books
Holdings
Withdrawn status Lost status Damaged status Not for loan Home library Current library Date acquired Cost, normal purchase price Full call number Accession Number Koha item type
        RRII Library RRII Library 16/12/2021 525.00 NR:063RT`1995' IRM 21639 Books